[Event "7th Gashimov Memorial-Rapid 2021"]
[Site "Baku"]
[Date "2021.12.20"]
[Round "5.3"]
[White "Mamedyarov, Shakhriyar"]
[Black "Anand, Viswanathan"]
[Result "0-1"]
[WhiteElo "2767"]
[BlackElo "2751"]
[Annotator "TA"]
[PlyCount "62"]
[EventDate "2021.12.17"]
[EventType "tourn"]
[EventCountry "AZE"]
[SourceTitle "playchess.com"]
[Source "ChessBase"]
[SourceQuality "1"]

{[%evp 13,62,0,14,0,-13,-23,-32,-63,-21,-72,9,24,44,40,15,0,0,0,0,-18,-11,-102,
-104,-177,-162,-389,-355,-341,-229,-238,-165,-201,-72,-80,-75,-55,-42,-37,-38,
-39,-8,-325,-321,-322,-331,-304,-187,-192,-166,-250,-236]} 1. d4 Nf6 2. c4 e6
3. Nf3 d5 4. Nc3 Bb4 5. Qa4+ Nc6 6. a3 (6. e3 O-O 7. Qc2 Re8 8. Bd2 Bf8 9. Be2
Nb4 10. Qb1 dxc4 11. Bxc4 b6 12. O-O Ba6 13. Bxa6 Nxa6 14. e4 c5 15. e5 cxd4
16. exf6 dxc3 17. Bxc3 gxf6 {½-½ (70) Mamedyarov,S (2782)-Anand,V (2753)
Zagreb 2021}) 6... Bxc3+ 7. bxc3 Bd7 {[%cal Oc6d4]} 8. Qc2 {D38: Queen's
Gambit Declined: Ragozin Defence (4 Nf3 Bb4).} dxc4 9. e4 {[%cal Be2e4,Be4e5]
[%mdl 32]} Na5 10. Bg5 {Threatens to win with e5. Black is slightly better.} h6
(10... Bc6 $1 $15 11. e5 Bxf3 12. gxf3 Qd5) 11. Bh4 {[#]} (11. Bxf6 $11 gxf6
12. Be2) 11... c5 $146 (11... Bc6 $1 $17 {White must now prevent ...g5.} 12.
Bxf6 gxf6) ({Predecessor:} 11... Bc6 12. e5 g5 13. Nxg5 hxg5 14. Bxg5 Qd5 15.
Bxf6 Rh6 16. f3 Nb3 17. Rb1 Ba4 {1-0 (34) Rozman,L (2337)-Kislov,O (2249)
Chess.com INT 2021}) 12. e5 $1 $11 g5 $1 {[#]} 13. Nxg5 Nd5 $1 (13... hxg5 $2
14. Bxg5 Nb3 15. Rb1 Nxd4 16. cxd4 Qa5+ 17. Bd2 $18) 14. Nf3 Qb6 15. Rb1 {
Prevents Qb3.} Qc6 {[%cal Od5c3]} 16. Be2 Qa4 17. Qc1 (17. Qxa4 $1 $11 {
keeps the balance.} Bxa4 18. dxc5) 17... Nb3 $17 {Black is more active. Pair
of Knights!} 18. Qb2 (18. Qc2 $17 {was necessary.}) 18... cxd4 $19 19. cxd4 (
19. Nxd4 Nxd4 20. cxd4) 19... Qa5+ 20. Kf1 b5 21. Bd1 Qc3 22. Bxb3 {[#] aiming
for Qxc3.} Qxb2 (22... Qd3+ $1 $19 {and Black stays clearly on top.} 23. Kg1
Nc3) 23. Rxb2 $17 cxb3 24. Rxb3 Rc8 {[%cal Ba8c8,Bc8c2,Bc2a2,Ba2a1,Ba1b1][%mdl
32] Hoping for ...Rc1+.} 25. Ke2 $1 Rc2+ 26. Nd2 b4 {And now ...Bb5+ would win.
} 27. axb4 $2 {[%mdl 8192] This costs White the game.} (27. Ra1 $11 {and White
stays safe.}) 27... Bb5+ $19 28. Kd1 Ra2 29. Kc1 Nf4 30. Ne4 Ra1+ {[%mdl 1024]
Black has strong compensation.} 31. Rb1 (31. Kd2 $142 Rxh1 32. Nd6+ Kd7 33.
Nxb5) 31... Rxb1+ {Weighted Error Value: White=0.54/Black=0.23 (precise)} 0-1

[Event "7th Gashimov Memorial-Rapid 2021"]
[Site "Baku"]
[Date "2021.12.21"]
[Round "6.1"]
[White "Mamedyarov, Shakhriyar"]
[Black "Rapport, Richard"]
[Result "1-0"]
[WhiteElo "2767"]
[BlackElo "2763"]
[Annotator "TA"]
[PlyCount "89"]
[EventDate "2021.12.17"]
[EventType "tourn"]
[EventCountry "AZE"]
[SourceTitle "playchess.com"]
[Source "ChessBase"]
[SourceQuality "1"]

{[%evp 15,89,21,19,-14,0,-3,6,0,20,21,28,13,82,73,67,70,100,70,98,93,84,100,
108,100,172,81,115,98,190,161,280,31,737,654,1099,547,535,512,499,417,505,503,
481,472,563,541,29950,29952,29946,5193,29961,29962,29961,29957,12845,29936,
4610,4059,3072,3072,1964,1659,29967,29969,29969,29964,29962,5097,29976,29975,
29975,29967,29974,29975,29976,29977]} 1. d4 Nf6 2. c4 g6 3. Nc3 Bg7 4. g3 O-O
5. Bg2 d6 6. Nf3 Nc6 7. O-O a6 {7...e5 is the modern continuation.} 8. e4 Rb8
9. a3 {E63: King's Indian: Fianchetto: Panno Variation with 7...a6.} Bg4 10.
Be3 {[%cal Bc1e3,Be3g5,Bg5f4][%mdl 32]} Na5 {[#]} 11. Qe2 $146 {The position
is equal.} ({Predecessor:} 11. b3 b5 12. cxb5 axb5 13. Qc2 Be6 14. Rae1 Bxb3
15. Qb2 Bc4 16. Ne2 Nxe4 17. Nh4 d5 18. f3 Nc5 19. dxc5 Bxb2 {0-1 (19) Bester,
K (726)-Tasic,V (2620) LSS email 2009}) 11... b5 12. cxb5 axb5 13. h3 Bc8 (
13... Bxf3 $11 14. Bxf3 Nc4) 14. e5 $16 Nd7 15. Bg5 {aiming for exd6.} f6 {[#]}
16. Bf4 {White is more active.} fxe5 17. dxe5 Kh8 18. Rfe1 Nc4 19. exd6 exd6 (
19... cxd6 $16 {is a better defense.} 20. Qxe7 Qxe7 21. Rxe7 Bf6) 20. Nxb5 Rxb5
21. Qxc4 Rxb2 {[#]} (21... Rc5 $16 22. Qe2 Bb7) 22. Ng5 $1 $18 Qf6 (22... Rxf2
$142 23. Rac1 (23. Kxf2 Qxg5 24. Kg1 Qd8 $14) 23... Ne5 24. Qxc7 Qxc7 25. Rxc7
Rb2) 23. Rad1 $2 (23. Qxc7 $18 Rxf2 24. Kxf2 Qd4+ 25. Re3 Qb2+ 26. Kg1 Qxa1+
27. Kh2) 23... Ne5 $2 {[%mdl 8192] Loses the game.} (23... Nc5 $14) 24. Qxc7
Rxf2 25. Kxf2 (25. Rxd6 $142 Rxg2+ 26. Kxg2 Bb7+ 27. Kh2) 25... Qxg5 {[#]} 26.
Qxc8 $1 {[%mdl 512]} Qh5 (26... Qe7 27. Qb7) 27. Qc7 g5 {[#]} 28. Rxd6 $1 {
[%cal Od6d8] Hoping for Rd8!} gxf4 29. Rd8 fxg3+ 30. Kg1 {[%cal Oe1e5]
Threatens to win with Rxe5!} Nf3+ 31. Bxf3 Qxf3 32. Rxf8+ Bxf8 {[%mdl 4096]
Endgame KQR-KQB} 33. Qe5+ Kg8 34. Qg5+ Kh8 35. Rf1 Qa8 36. Qf6+ Bg7 37. Qf3 Qb8
38. Re1 h6 39. Kg2 Bf8 40. Re2 Kg7 41. a4 {[%cal Ba3a4,Ba4a5][%mdl 32]} Bd6 42.
Qg4+ {White mates.} Kh8 43. Qg6 Qb7+ 44. Qe4 Qc7 45. a5 {Weighted Error Value:
White=0.30/Black=0.91} 1-0

[Event "7th Gashimov Memorial-Rapid 2021"]
[Site "Baku"]
[Date "2021.12.21"]
[Round "6.1"]
[White "Anand, Viswanathan"]
[Black "Caruana, Fabiano"]
[Result "0-1"]
[WhiteElo "2751"]
[BlackElo "2792"]
[Annotator "TA"]
[PlyCount "128"]
[EventDate "2021.12.17"]
[EventType "tourn"]
[EventCountry "AZE"]
[SourceTitle "playchess.com"]
[Source "ChessBase"]
[SourceQuality "1"]

{[%evp 19,128,42,37,45,34,33,37,37,25,24,50,37,46,53,48,50,52,57,56,44,65,8,13,
12,9,0,29,22,55,48,58,29,51,44,79,62,60,41,90,95,89,31,31,8,13,25,53,39,44,27,
63,54,64,62,129,90,579,566,593,586,563,369,387,370,385,375,377,364,369,323,318,
246,239,235,235,210,210,117,117,117,116,115,122,104,123,123,123,123,122,104,
104,104,105,104,123,85,104,97,122,0,0,0,120,0,0,0,122,0,0,-1238,-991]} 1. e4 e5
2. Nf3 Nc6 3. Bb5 a6 4. Ba4 Nf6 5. O-O Be7 6. Re1 b5 7. Bb3 d6 8. c3 O-O 9. h3
h6 10. d4 Re8 11. Nbd2 {C93: Closed Ruy Lopez: Smyslov Variation.} Bd7 12. Nf1
a5 $5 {[%mdl 4] [#] An interesting side line.} 13. d5 $146 {White is slightly
better.} ({Predecessor:} 13. Ng3 a4 14. Bc2 Bf8 15. Be3 Na5 16. b3 axb3 17.
axb3 c5 18. d5 Qc7 19. Nd2 {½-½ (56) Dushkin,D (2230)-Vecek,M (2278) ICCF
email 2018}) 13... Nb8 14. a4 Na6 15. axb5 Nc5 16. Bc2 Bxb5 17. b3 Bxf1 18.
Kxf1 c6 19. dxc6 Qb6 20. Kg1 (20. Nh4 $14) 20... Qxc6 $11 {[%cal Rc5e4]} 21.
Nd2 $1 Ne6 22. Bb2 Reb8 {[%cal Oa5a4]} (22... a4 $5) 23. Ra2 Bf8 24. Qe2 Rd8
25. Nc4 Qc7 26. Rea1 {[%cal Ra2a5]} d5 27. exd5 (27. Nxa5 Nf4 28. Qf3 dxe4 29.
Bxe4 Nxe4 30. Qxe4 Nd3 $11) 27... Rxd5 28. Ne3 Rdd8 (28... Nf4 $14 {deserves
consideration.} 29. Qc4 Rc5) 29. b4 $1 $16 Nf4 30. Qf3 (30. Qc4 $16 Qb7 31.
bxa5 (31. Rxa5 Rxa5 32. Rxa5 Rd2 $14)) 30... Re8 $14 31. Rxa5 (31. Be4 $5 Nxe4
32. Qxe4 $11) 31... e4 32. Qd1 Rad8 33. Qf1 Nd3 {[#]} 34. Ra7 $1 Qf4 (34... Qe5
35. R1a5) 35. Bc1 Bd6 {[%csl Gd6][%cal Rf4h2]} 36. g3 Qg5 (36... Qe5 $14) 37.
Bb3 $1 $16 (37. Bxd3 exd3 38. Nc4 (38. Qxd3 $2 Bxg3 39. Ng2 Qxc1+ 40. Rxc1
Bxf2+ 41. Kxf2 Rxd3 $19) 38... Qd5 $15) 37... Nxc1 $2 {[%mdl 8192]} (37... Nd7
$16 {is more resistant.}) 38. Bxf7+ $18 (38. Qxc1 Nd7 39. R1a5 Qg6 $18) (38.
Rxc1 Bxg3 39. Bxf7+ Kh8 $14) 38... Kh8 {[%cal Od6g3] Threatens to win with ...
Bxg3!} 39. h4 (39. Rxc1 Bxg3 40. Kh1 (40. Bxe8 $2 Bxf2+ 41. Kh1 Bxe3 $19) 40...
Rd2 $11) 39... Qe5 40. Bxe8 {Strongly threatening Bg6.} Nd3 41. Bg6 Qxc3 42.
Ra8 Bb8 43. h5 Rf8 {[#]} 44. R1a7 $1 {Inhibits Nd7.} Qxb4 45. Ra4 Qb2 46. Ra2
Qb6 {[#]} 47. Bxe4 $1 {[%mdl 512]} Nb4 {[#]} 48. Qb1 ({Not} 48. Nc4 Qd4 49. Bg6
Nxa2 50. Rxa2 Bxg3 $11) (48. R2a5 $1 $18 {[%cal Ra5b5]} Nxe4 49. Rb5) 48...
Nxe4 $16 49. Qxe4 {aiming for Rb2.} Nxa2 50. Rxa2 Qc5 51. Qg6 Be5 52. Rc2 Qb5
53. Kg2 Qb7+ 54. Kh2 Qf3 55. Ng2 Bf6 56. Nf4 Be5 57. Ne6 Ra8 58. Rd2 Bf6 59.
Rc2 (59. Qf7 $16 {[%cal Oe6g7] Hoping for Nxg7!} Qe4 60. Ra2 $1) 59... Be5 $11
60. Rd2 (60. Kh3 $11) 60... Bf6 $1 $16 61. Nf4 (61. Qf7 $16 {[%cal Oe6g7] And
now Nxg7! would win.} Qe4 62. Ra2 $1) 61... Bg5 $40 {[%mdl 128] Black has some
attack.} 62. Ne6 Bf6 $16 63. Nc5 ({Better is} 63. Qf7 $16 {[%cal Oe6g7] Nxg7!
is the strong threat.} Qe4 {[#]} 64. Ra2 $1) 63... Bc3 $11 64. Re2 {[%mdl 8192]
} Qxe2 {Black used his chance.  Weighted Error Value: White=0.34/Black=0.18 
(very precise)} 0-1

[Event "7th Gashimov Memorial-Rapid 2021"]
[Site "Baku"]
[Date "2021.12.21"]
[Round "6.1"]
[White "Karjakin, Sergey"]
[Black "Asadli, Vugar"]
[Result "1-0"]
[WhiteElo "2743"]
[BlackElo "2579"]
[Annotator "TA"]
[PlyCount "173"]
[EventDate "2021.12.17"]
[EventType "tourn"]
[EventCountry "AZE"]
[SourceTitle "playchess.com"]
[Source "ChessBase"]
[SourceQuality "1"]

{[%evp 9,173,16,8,7,11,11,13,12,13,0,14,1,4,0,0,0,0,0,47,45,29,0,3,-25,-24,-10,
-6,-22,-14,-19,0,0,0,0,18,0,0,-11,22,-54,-37,-45,-49,-113,-76,-157,-85,-297,
-249,-191,-184,-181,-179,-390,-152,-156,-26,-90,-6,-16,-26,-19,-20,-29,-21,-21,
-25,-36,-35,-44,-43,-45,-39,-91,0,0,0,0,0,0,0,0,54,-283,-2,-586,-33,-36,0,0,0,
0,58,58,59,59,59,58,59,59,59,59,65,65,189,189,201,72,73,80,384,384,384,384,380,
264,377,201,436,362,327,254,254,254,254,254,403,385,370,363,781,327,333,339,
328,261,248,236,1307,1056,1736,1696,1606,1479,1425,1183,1289,860,842,608,2566,
2562,2210,1938,1213,1154,12831,2583,2848,2825,12844,12844,29994,12845,12846,
12847]} 1. e4 c6 2. d4 d5 3. e5 c5 4. Nf3 cxd4 5. Nxd4 Nc6 6. Nxc6 {B12:
Caro-Kann: Advance Variation.} bxc6 7. Bd3 e6 8. O-O {The position is equal.}
Ne7 {[%cal Bg8e7,Be7g6,Bg6h8,Bh8f7][%mdl 32]} 9. Nd2 a5 10. Qe2 Ng6 11. Nf3 Be7
12. g3 {[#]} O-O $146 ({Predecessor:} 12... Nf8 13. c4 c5 14. cxd5 exd5 15. Rd1
Ne6 16. Bb5+ Kf8 17. Bc6 Ba6 18. Qe1 d4 {½-½ (53) Baroin,B (2268)-Szymanski,
R (2344) ICCF email 2018}) 13. h4 {[%cal Bh2h4,Bh4h5][%mdl 32]} f5 (13... Re8
$11 {is superior.}) 14. exf6 $1 $14 Bxf6 15. h5 Nh8 16. Ne5 Bxe5 17. Qxe5 Nf7 {
Prevents h6.} 18. Qc3 e5 19. h6 Re8 20. Qxc6 Bg4 21. f3 {To avoid e4} Rc8 22.
Qb7 Re7 23. Qb5 Bh3 {[%mdl 1024] Black has compensation.} 24. Rd1 (24. Rf2 $11)
24... Rd7 (24... Qc7 $5 {[%cal Re5e4]} 25. Kh2 (25. Qxd5 e4 $17) 25... Bd7 26.
Qxd5 Bc6 $11) 25. Kh2 Be6 {[%cal Oe5e4]} 26. c3 (26. Rf1 $15) 26... Qf6 $17 27.
Be2 (27. Qa6 $2 Rd6 28. Bxh7+ Kxh7 $19) (27. Rf1 $142) 27... g5 (27... Qf5 28.
g4 Qf6 29. Kg1 $15) (27... Nxh6 $142 28. Qa6 Rcd8) 28. Qb6 $2 (28. Kg2 $17 {
might work better.}) 28... Qxh6+ 29. Kg1 d4 $1 (29... Qh3 30. Qf2 $11) 30. Bf1
{[%cal Rc3d4] To avoid Qh3} Rd6 (30... dxc3 31. Rxd7 Bxd7 32. Qxh6 Nxh6 33. Ba6
$15 (33. bxc3 Rxc3 34. Bxg5 Nf5 $11)) 31. Qxa5 (31. Qb7) 31... Qf6 $2 (31...
Qh5 $19 32. cxd4 Qxf3) 32. Bg2 Bd5 (32... h5 $1 $17 {[%cal Rh5h4] Strongly
threatening ...h4.} 33. cxd4 h4) 33. Rf1 (33. cxd4 $1 $11 exd4 34. Qb5) 33...
Bc4 {Black is much more active. White has bad knights.} (33... Qg6 $1 $17 {
White must now prevent ...g4.} 34. cxd4 g4) 34. Re1 $11 d3 35. Bd2 Ra6 {
Prevents Qa7.} 36. Qb4 Rb6 37. Qa3 Bd5 {[%cal Og5g4]} 38. Re3 Ra8 39. Qc5 {[#]}
Rxb2 $1 40. Rxd3 (40. Qxd5 $2 Rd8 41. Qb3 Rxb3 42. axb3 Qb6 $19) 40... Bb7 $36
{[%cal Og5g4][%mdl 2048] White is under pressure.} 41. a4 (41. Qe3 $15) 41...
Qf5 (41... Qh6 $6 42. Qa3 Qb6+ 43. Be3 Rb1+ 44. Kf2 (44. Bf1 Rxa1 45. Qxa1 Qf6
$15) 44... Rxa1 45. Qxa1 $11 (45. Bxb6 $2 Rxa3 46. Bh3 R3xa4 $19)) ({Black
should play} 41... g4 $1 $17 42. Qa3 Qb6+ 43. Be3 Rxg2+ $1 44. Kxg2 Qc6) 42.
Qe3 Ba6 43. c4 $1 Bxc4 44. Rc3 Rd8 45. Be1 Re2 46. Qc1 $2 {[%mdl 8192] [#]} (
46. Qc5 $1 $14 {stays ahead.} Rc8 47. Qb4) 46... Bd5 $2 ({Better is} 46... g4
$1 $19 47. Raa3 (47. Rxc4 $2 gxf3 48. Rg4+ Kh8 $19) 47... Bd5) 47. Re3 $2 {
[%mdl 8192] [#]} ({But not} 47. Kf1 $2 Rxg2 $1 48. Kxg2 g4 $19) (47. Bf1 $11
Bxf3 48. Qa3) 47... Rc2 $2 (47... Rxg2+ $1 $19 {[%mdl 512]} 48. Kxg2 g4) 48.
Qb1 $1 $15 {[%cal Og2h3]} g4 {[%cal Oc2g2] Prevents Bh3.} (48... Rxg2+ $5 49.
Kxg2 Qe6 $15) 49. Re2 Rdc8 50. fxg4 Rxe2 51. Qxf5 $14 ({Much weaker is} 51.
gxf5 Rxg2+ 52. Kf1 Rcc2 $11) 51... Rxg2+ 52. Kf1 Rcc2 {[#] ( -> ...Bc4+)} 53.
Bf2 $1 Rgxf2+ 54. Qxf2 Bc4+ 55. Ke1 Rxf2 56. Kxf2 Nd6 ({Black should try} 56...
Kg7 $14) 57. a5 $18 Ba6 58. Rb1 (58. Rd1 $18 {is the precise move to win.} Nb7
59. Rd5) 58... Ne4+ $16 59. Ke3 Nc5 {[%mdl 8192]} (59... Nf6 $16 {is more
resistant.}) 60. Rb6 $18 {aiming for Rc6.} Bf1 61. Rc6 Na6 62. Re6 Kg7 (62...
Kf7 {was called for.} 63. Rxe5 Bc4) 63. Rxe5 {Hoping for Re7+.} Nb4 $2 (63...
Kg6 64. Kd2 h6) 64. Rf5 Ba6 65. Kd4 Be2 66. Kc5 Na6+ 67. Kb6 h6 (67... Kh6 {
is a better defense.} 68. Ka7 Nb4) 68. Re5 Bf1 69. Re6 Bc4 $2 (69... Bd3 70.
Ka7 Nb4) 70. Rd6 (70. Re7+ $142 Kf6 71. Re8) 70... Be2 71. Rd2 Bf1 72. Rd5 Be2
73. g5 h5 $2 (73... hxg5 74. Rxg5+ Kf6) 74. Rd6 Nb4 75. Kc5 Na6+ 76. Kd4 Nb4
77. Rb6 Na6 78. Ke5 Nc5 79. Rc6 Nd7+ 80. Kf5 {Threatens to win with a6.} Bd3+
81. Kf4 {And now a6 would win.} Nb8 {Inhibits a6.} 82. Rd6 Be2 83. g6 Kh6 84.
Kf5 Na6 85. Kf6 {Rd8 would kill now.} Nc7 86. g7 (86. Rd8 $142 Nd5+ 87. Rxd5
Bc4 88. Rd8 Bg8 89. Rxg8 h4 90. Rh8#) 86... Bc4 87. Rc6 {[%csl LRc4,LRc7][%mdl
32768] A wild game.  Weighted Error Value: White=0.45/Black=0.49. Loss on
time!?} 1-0

[Event "7th Gashimov Memorial-Rapid 2021"]
[Site "Baku"]
[Date "2021.12.21"]
[Round "6.1"]
[White "Navara, David"]
[Black "Mamedov, Rauf"]
[Result "1/2-1/2"]
[WhiteElo "2697"]
[BlackElo "2656"]
[Annotator "TA"]
[PlyCount "71"]
[EventDate "2021.12.17"]
[EventType "tourn"]
[EventCountry "AZE"]
[SourceTitle "playchess.com"]
[Source "ChessBase"]
[SourceQuality "1"]

{[%evp 20,71,41,44,48,52,53,42,50,52,50,56,47,0,0,0,0,10,10,10,10,6,26,0,0,0,0,
0,0,0,0,0,0,0,0,0,0,0,0,0,0,0,0,0,0,0,0,0,0,0,0,0,0,0]} 1. e4 c5 2. Nf3 Nc6 3.
Nc3 g6 4. d4 cxd4 5. Nxd4 Bg7 6. Be3 Nf6 7. Bc4 O-O 8. Bb3 d6 9. f3 Bd7 10. h4
Nxd4 11. Bxd4 {[%cal Oh4h5]} b5 {B76: Sicilian Dragon: Yugoslav Attack, 9 g4
and 9 0-0-0.} 12. h5 a5 13. hxg6 hxg6 {White is slightly better.} 14. Nd5 Nxd5
15. Bxd5 {[#] Threatens to win with Bxg7.} Rc8 16. Bxg7 (16. a3 $14) 16... Kxg7
$11 17. Qd4+ f6 $1 18. O-O-O Qc7 {[%csl Gc8][%cal Rc7c2] [#]} 19. Qd2 {[%csl
Gh1][%cal Rd2h6]} Rh8 {To avoid Qh6+} 20. a3 {[#]} Qb6 $146 ({Predecessor:} 
20... b4 21. axb4 axb4 22. Rxh8 Rxh8 23. Qxb4 Rh2 24. Qd2 Bh3 25. Bb3 Rxg2 26.
Qd5 e6 27. Qxd6 Qxd6 28. Rxd6 {1-0 (48) Mista,A (2559)-Brendel,O (2389) Warsaw
2008}) 21. Bb3 {[%cal Oe4e5]} a4 {The position is equal.} 22. Ba2 Rxh1 23. Rxh1
{[%csl Gh1][%cal Rd2h6]} Rh8 {Inhibits Qh6+.} 24. Re1 Qc5 25. e5 fxe5 26. Qg5
Re8 27. c3 {Prevents b4.} Bf5 28. Rh1 Qf2 {[%csl Gf5][%cal Rf2c2]} 29. Bb1 {
Prevents Qc2+. Dancing on a razor blade.} Bxb1 30. Kxb1 {[%mdl 4096] Endgame
KQR-KQR} Qe2 31. Qh6+ Kf7 32. Qh7+ Kf6 33. Qh4+ Kf7 34. Qh7+ Kf6 35. Qh4+ Kf7
36. Qh7+ {Weighted Error Value: White=0.03 (flawless) /Black=0.01 (flawless)}
1/2-1/2

[Event "7th Gashimov Memorial-Rapid 2021"]
[Site "Baku"]
[Date "2021.12.21"]
[Round "6.2"]
[White "Caruana, Fabiano"]
[Black "Anand, Viswanathan"]
[Result "1/2-1/2"]
[WhiteElo "2792"]
[BlackElo "2751"]
[Annotator "TA"]
[PlyCount "56"]
[EventDate "2021.12.17"]
[EventType "tourn"]
[EventCountry "AZE"]
[SourceTitle "playchess.com"]
[Source "ChessBase"]
[SourceQuality "1"]

{[%evp 18,56,12,12,22,16,18,16,18,19,23,8,4,6,13,7,9,5,6,0,0,0,0,0,0,-2,0,0,0,
0,0,0,0,0,0,0,0,0,0,0,0]} 1. e4 e5 2. Nf3 Nc6 3. Bb5 Nf6 4. O-O {[%cal Bh1f1,
Bf1e1,Be1e5][%mdl 32]} Nxe4 5. Re1 Nd6 6. Nxe5 Be7 7. Bf1 Nxe5 8. Rxe5 O-O 9.
d4 Bf6 10. Re1 Re8 {C67: Ruy Lopez: Berlin Defence: 4 0-0 Nxe4.} 11. c3 Rxe1
12. Qxe1 Ne8 {[%cal Bd6e8,Be8g7,Bg7f5][%mdl 32]} 13. Bf4 d5 14. Bd3 g6 {
The position is equal.} 15. Nd2 {[%cal Bb1d2,Bd2f3,Bf3e5][%mdl 32]} Ng7 16. Nf3
Bf5 17. Bxf5 Nxf5 18. Be5 c6 19. Bxf6 Qxf6 20. Qe5 Qxe5 21. Nxe5 $11 {[%mdl
4096] Endgame KRN-KRN} Re8 {[%cal Oc6c5]} 22. Kf1 f6 23. Nd3 Kf7 24. Re1 Rxe1+
25. Kxe1 {[#]} Nh4 $146 ({Predecessor:} 25... g5 26. g3 Nd6 27. Ke2 Nc4 28. f3
Ke7 29. b3 Nd6 30. Nc5 b6 31. Nd3 Ke6 32. g4 a5 {½-½ (32) Antolak,J (2340)
-Janik,I (2505) Skanderborg 2021}) 26. Kf1 Nf5 27. Ke1 Nh4 28. Kf1 Nf5 {
An uneventful encounter.  Weighted Error Value: White=0.02 (flawless) /Black=0.
00 (flawless)} 1/2-1/2

[Event "7th Gashimov Memorial-Rapid 2021"]
[Site "Baku"]
[Date "2021.12.21"]
[Round "6.2"]
[White "Rapport, Richard"]
[Black "Mamedyarov, Shakhriyar"]
[Result "1/2-1/2"]
[WhiteElo "2763"]
[BlackElo "2767"]
[Annotator "TA"]
[PlyCount "125"]
[EventDate "2021.12.17"]
[EventType "tourn"]
[EventCountry "AZE"]
[SourceTitle "playchess.com"]
[Source "ChessBase"]
[SourceQuality "1"]

{[%evp 9,125,0,0,16,25,16,20,25,25,25,20,20,27,28,28,20,27,20,26,25,29,28,31,
26,42,43,42,43,45,39,37,37,72,63,56,49,91,64,71,33,33,40,31,42,42,16,41,33,130,
81,78,70,82,75,81,56,64,46,57,46,53,53,60,60,68,8,8,8,8,8,8,8,8,8,8,8,8,8,
29965,29964,29974,29975,29971,8,8,8,8,8,8,8,8,8,8,8,8,0,8,8,8,8,8,8,8,8,8,8,8,
0,0,8,8,8,8,8,8,8,8,0]} 1. e4 e5 2. Nf3 Nc6 3. g3 Nf6 4. d3 d5 5. exd5 Qxd5 6.
Bg2 {C44: Ponziani Opening and Scotch Gambit.} Bb4+ 7. c3 Be7 8. O-O {[%cal
Of3d4]} Bg4 9. h3 Bxf3 10. Qxf3 Qxf3 11. Bxf3 O-O-O 12. Be2 {[#]} Nd5 $146 ({
Predecessor:} 12... Bc5 13. Nd2 Nd5 14. b4 Bb6 15. Bb2 Kb8 16. Nc4 a6 17. Rfe1
f6 18. h4 Ba7 {1-0 (34) Ter Sahakyan,S (2617)-Ozen,D (2417) Montebelluna 2019})
13. a4 a5 14. h4 f5 15. Kg2 h6 16. h5 e4 17. dxe4 fxe4 18. Nd2 $1 e3 19. Nc4
exf2 20. Rxf2 Bc5 21. Rf5 Rhf8 22. Rxf8 Rxf8 (22... Bxf8 $14 {might be
stronger.} 23. Bd2 Nb6 24. Nxb6+ cxb6) 23. Bf3 $16 Rd8 24. Bf4 Nxf4+ 25. gxf4
Ne7 26. Re1 b6 $1 27. Re5 {[%cal Oc4a5]} Rf8 28. Kg3 g6 {[#]} (28... Ng8 $14)
29. Be4 (29. Bg4+ $142 $1 Kb8 30. hxg6 Nxg6 31. Rf5) 29... gxh5 30. Rxh5 Rf6
31. Kg4 {White is more active.} Kd8 32. Rh2 Ke8 33. Re2 Bd6 34. f5 Kf8 35. Rd2
Kg7 36. Rd1 Kf7 37. b4 ({Better is} 37. Rg1 $14) 37... axb4 $11 38. Nxd6+ Rxd6
39. Rxd6 cxd6 {[%cal Bc7d6,Bd6d5][%mdl 32]} 40. cxb4 {[%mdl 4096] Endgame KB-KN
} d5 $1 41. Bf3 {Strongly threatening a5.} Kf6 42. a5 bxa5 43. bxa5 {Hoping
for a6.} Nxf5 $2 {[%mdl 8192]} (43... h5+ $11 44. Kf4 (44. Kxh5 Nc6 $11) 44...
Nxf5) 44. a6 Ne3+ 45. Kf4 Nc4 46. a7 $2 (46. Bxd5 {mates} Nb6 47. Ke4 h5 48.
Kd4 Ke7 49. Kc5 Nd7+ 50. Kb5 Kd6 {[#]} 51. a7 $1 Kxd5 52. a8=Q+ Kd6 53. Qd8)
46... Nb6 {The position is equal.} 47. Bg4 h5 48. Bh3 Na8 49. Bc8 Nb6 50. Bf5
Na8 51. Bh3 Nb6 52. Bf5 Na8 53. Bd7 Nb6 54. Bc8 Na8 55. Bb7 Nb6 56. Ke3 {
Threatening mate with Kd4.} Ke5 57. Kd3 h4 {( -> ...h3)} 58. Ke2 Kd6 59. Kf3
Kc7 {[#]} 60. Bxd5 Na8 (60... Kd6 61. Bb7) 61. Bxa8 {White wants to mate with
Bd5.} Kb6 62. Kg4 Kxa7 63. Kxh4 {Weighted Error Value: White=0.21 (precise) /
Black=0.19 (very precise)} 1/2-1/2